banner-ar

الطب فى زمن الفراعنة / (Record no. 65667)

MARC details
000 -الفاتح
حقل البيانات ثابتة الطول 00958nam a22002417a 4500
005 - وقت وتاريخ اخر تعامل مع التسجيلة
رقم الضبط 20240530110837.0
008 - عناصر البيانات ثابتة الطول - معلومات عامة
حقل البيانات ثابتة الطول 191117s2004 ua a f b 00| 0 ara d
017 ## - رقم الايداع القانونى
رقم الايداع القانونى 2003/14897
المصدر ( الهيئة المختصة) مصر. دار الكتب
040 ## - مصدر الفهرسة
وكالة الفهرسة الأصلية EG-CaGPL
وكالة النسخ EG-CaGPL
082 ## - رقم تصنيف ديوى العشرى
رقم الطبعة 21
رقم التصنيف 610.932
رقم المادة ق/ا ط
100 1# - المدخل الرئيسى - إسم شخصى
الإسم الشخصى اليوا ، برونو
245 12 - بيان العنوان
العنوان الطب فى زمن الفراعنة /
بيان المسئوليه,etc تاليف برونوا اليوا ؛ تصدير دانييل سوليى ؛ ترجمة كمال السيد
250 ## - بيان الطبعة
بيان الطبعة ط. 1
260 ## - PUBLICATION, DISTRIBUTION, ETC. (IMPRINT)
تاريخ النشر أو التوزيع 2004
300 ## - الوصف المادى
التعداد 572 ص. :
تفاصيل ماديه اخرى للوعاء ايض. ؛
أبعاد الوعاء 24 سم .
650 07 - المدخل الاضافى بالموضوع-مصطلح موضوعى
مصدر الرأس أو المصطلح qrmak
مصطلح موضوعي الطب
التقسيم الفرعي الشكلي الممارسة الطبية
التقسيم الفرعي الزمني الفراعنة
651 ## - المدخل الاضافى بالموضوع - اسم جغرافى
مصدر الرأس أو المصطلح qrmak
653 ## - مصطلح تكشيفى غير مقيد
مصطلح غير مقيد الطب المصرى القديم
700 1# - المدخل الاضافى - اسم شخصى
الإسم الشخصى سوليى دانييل
الدور مصدر
700 1# - المدخل الاضافى - اسم شخصى
الإسم الشخصى كمال السيد
الدور مترجم
942 ## - عناصر المدخل الإضافي( كوها)
مصدر التصنيف او مخطط الترفيف Dewey Decimal Classification
Koha [default] item type كتاب
260 ## - PUBLICATION, DISTRIBUTION, ETC. (IMPRINT)
-- القاهرة :
-- المجلس الاعلى للثقافة،
Holdings
حالة التراجع حالة الفقد حالة تلف ليس للاعارة المكان المؤقت الموقع الحالى موقع الترفيف تاريخ الاكتساب اجمالي اﻻعارات رقم الطلب الباركود تاريخ اخر مشاهدة تاريخ تفعيل السعر نوع وعاء كوها
        مكتبة القاهرة الكبرى مكتبة القاهرة الكبرى   11/17/2019   610.932 ق/ا ط 166735 11/17/2019 11/17/2019 كتاب

Powered By

EGPV